01097 2200241 4500001002100000005001500021035002000036007000300056008004100059020002300100082001000123084001600133100003100149245011600180250000600296260003000302300004800332700003500380700003200415650002900447520036200476990001700838INLIS00000000000126920260505081801 a0010-1023000089ta260505 c 0 ind  a978-602-+341-075-0 a567.9 a567.9 HAS a0 aHasna Nelfia ( Pengarang )1 aAnkylosaurus :bsi tubuh baja berduri /cHasna Nelfia ; ilustrasi, Sugeng Supriyadi ; editor, Syerif Nur hakim a- aJakarta :bBestari,c2016 a24 :bilus. ; gambar berwarna ;c20.5 cme-0 aSugeng Supriyadi ( Ilustrasi )0 aSyerif Nur hakim ( Editor ) 4aKomik - Bacaan anak-anak aTubuh Ankylosaurus dipenuhi tonjolan-tonjolan tebal berduri dari leher hingga ekornya. Dengan duri itulah ia dapat mempertahankan dirinya dari serangan pemangsa, terutama T-Rex yang ganas. Ankylosaurus hidup di Benua Amerika, sekitar 98-65 juta tahun yang lalu. Makanan utamanya adalah daun-daunan. Karena senang makan, bobot badannya bisa mencapai 3-4 ton. a00118/K/2019